000 00354nam a2200133 4500
005 20260530113854.0
100 1 _aInstituto Superior de Ciencias
_931546
245 1 0 _aTiempo
264 1 _bCuadernos de Diseño • Argentina
_c2005
300 _a70 páginas
336 _atexto
_2rdacontent
337 _asin medio
_2rdamedia
338 _avolumen
_2rdacarrier
999 _c11561
_d11561